Missing Word: Natalie Portman Quiz Stats

Quiz Updated Sep 10, 2014

Challenge
Share
Tweet
Embed
Score 0/18 Timer 04:00
0 Plays Today
Natalie Portman Movie Word % Correct
No Strings ____Attached
97.1%
Everyone Says I ____ YouLove
95.5%
V for ____Vendetta
93.5%
Anywhere But ____Here
93.1%
Star Wars: Episode I: The Phantom ____Menace
88.2%
____ Attacks!Mars
85.7%
Star Wars: Episode III: ____ of the SithRevenge
84.9%
Star Wars: Episode II Attack of the ____Clones
84.3%
Black ____Swan
81.1%
Natalie Portman Movie Word % Correct
The Other ____ GirlBoleyn
65.2%
____ MountainCold
63.3%
The Other ____Woman
53.6%
____ StateGarden
48.2%
Mr. Magorium's ____ EmporiumWonder
46.2%
New ____, I Love YouYork
46.1%
Leon: The ____Professional
45.8%
____ GirlsBeautiful
13.5%
____ GhostsGoya's
8%

Today's Daily Dose

Missing Word
Law Misconceptions

Word Ladder
Easy Math

On This Day
January 20th

You're not logged in!

Compare scores with friends on all Sporcle quizzes.
Sign Up with Email
OR
Log In

You Might Also Like...

Show Comments

Extras

Top Quizzes Today


Score Distribution

Your Account Isn't Verified!

In order to create a playlist on Sporcle, you need to verify the email address you used during registration. Go to your Sporcle Settings to finish the process.